[Event "Ricany op"]
[Site "Ricany"]
[Date "2020.08.29"]
[Round "9"]
[White "Bartos, Vaclav"]
[Black "Steiner, Juraj"]
[Result "0-1"]
[WhiteElo "1976"]
[BlackElo "1953"]
[PlyCount "50"]
[EventDate "2020.08.22"]
[EventType "swiss"]
[EventRounds "9"]
[EventCountry "CZE"]
[SourceTitle "CBM 198 Extra"]
[Source "ChessBase"]
[SourceDate "2020.11.30"]
[SourceVersion "1"]
[SourceVersionDate "2020.11.30"]
[SourceQuality "1"]

1. d4 Nf6 2. c4 e6 3. Nf3 b6 4. g3 Ba6 5. Nbd2 d5 6. cxd5 Nxd5 7. Bg2 Nd7 8. 0-0 Be7 9. Ne5 Nxe5 10. Qa4+ Qd7 11. Qxa6 Nc6 12. a3 Nxd4 13. Qd3 c5 14. Nc4 Rd8 15. b4 Bf6 16. e4 Nb3 17. Kh1 Nc3 18. Qxd7+ Kxd7 19. bxc5 bxc5 20. e5 Be7 21. Bb7 Nb5 22. Rb1 Rb8 23. Rd1+ N5d4 24. Nd2 Nxd2 25. Rxd2 Kc7 0-1

[Event "Ricany op"]
[Site "Ricany"]
[Date "2020.08.23"]
[Round "2"]
[White "Plischki, Sebastian"]
[Black "Bartos, Vaclav"]
[Result "1-0"]
[WhiteElo "2356"]
[BlackElo "1976"]
[PlyCount "115"]
[EventDate "2020.08.22"]
[EventType "swiss"]
[EventRounds "9"]
[EventCountry "CZE"]
[SourceTitle "CBM 198 Extra"]
[Source "ChessBase"]
[SourceDate "2020.11.30"]
[SourceVersion "1"]
[SourceVersionDate "2020.11.30"]
[SourceQuality "1"]

1. Nf3 Nf6 2. c4 e6 3. g3 d5 4. Bg2 c6 5. d4 Be7 6. 0-0 0-0 7. Nbd2 dxc4 8. Nxc4 b5 9. Nce5 Bb7 10. Qc2 Qc8 11. Bg5 Na6 12. Rac1 c5 13. dxc5 Nxc5 14. Bxf6 gxf6 15. Nd3 Ne4 16. Nd2 Qxc2 17. Rxc2 Nxd2 18. Rxd2 Bxg2 19. Kxg2 Rac8 20. Kf3 Rfd8 21. Rfd1 Rc4 22. Nf4 Rdc8 23. Rd7 R4c7 24. g4 Kf8 25. h3 Ke8 26. Rxc7 Rxc7 27. Nd3 Rc2 28. Rc1 Rxc1 29. Nxc1 Kd7 30. Ke4 Bc5 31. Nd3 Bb6 32. f4 Kd6 33. f5 a5 34. Nf4 Bd8 35. e3 Bb6 36. Ne2 h6 37. Nc3 Kc6 38. h4 Bc7 39. Ne2 e5 40. Ng1 Kc5 41. Nf3 Bd8 42. h5 Bc7 43. g5 fxg5 44. Nh2 Kd6 45. Ng4 Ke7 46. Nxh6 f6 47. Ng4 Kf7 48. Kd5 b4 49. e4 a4 50. b3 axb3 51. axb3 Bd8 52. h6 Be7 53. h7 Kg7 54. Ke6 Bd8 55. Kd7 Bb6 56. Nxf6 Bd4 57. Ke6 Be3 58. Nd7 1-0

[Event "Prague Golden op 13th"]
[Site "Prague"]
[Date "2017.07.01"]
[Round "1"]
[White "Bartos, Vaclav"]
[Black "Nemecek, Lukas"]
[Result "0-1"]
[WhiteElo "1371"]
[BlackElo "1641"]
[PlyCount "48"]
[EventDate "2017.07.01"]
[EventType "swiss"]
[EventRounds "9"]
[EventCountry "CZE"]
[SourceTitle "CBM 179 Extra"]
[Source "ChessBase"]
[SourceDate "2017.08.23"]
[SourceVersion "1"]
[SourceVersionDate "2017.08.23"]
[SourceQuality "1"]

1. d4 d5 2. c4 dxc4 3. e3 Nf6 4. Bxc4 e6 5. Nc3 a6 6. Nf3 b5 7. Bd3 Bb7 8. 0-0 Be7 9. Ne5 Nbd7 10. f4 0-0 11. Bd2 c5 12. dxc5 Nxc5 13. Bc2 Qb6 14. Qe2 Rfd8 15. Be1 Nce4 16. Nxe4 Nxe4 17. Qf3 Nf6 18. Qh3 Bc5 19. Bf2 Rd2 20. Rac1 Rad8 21. Rfe1 h6 22. a3 a5 23. Red1 Be4 24. Rxd2 Rxd2 0-1

[Event "Mlada Boleslav Region-ch"]
[Site "Mlada Boleslav"]
[Date "2015.06.21"]
[Round "6"]
[White "Macok, Martin"]
[Black "Bartos, Vaclav"]
[Result "0-1"]
[WhiteElo "1241"]
[BlackElo "1162"]
[PlyCount "96"]
[EventDate "2015.06.20"]
[EventType "swiss"]
[EventRounds "7"]
[EventCountry "CZE"]
[SourceTitle "EXT 2017"]
[Source "ChessBase"]
[SourceDate "2016.10.25"]
[SourceVersion "1"]
[SourceVersionDate "2016.10.25"]
[SourceQuality "1"]

1. e4 e5 2. Nf3 Nc6 3. d4 exd4 4. Nxd4 Bc5 5. Be3 Qf6 6. c3 Nge7 7. g3 d5 8. exd5 Nxd5 9. Bb5 0-0 10. 0-0 a6 11. Nxc6 axb5 12. Bxc5 Qxc6 13. Bxf8 Kxf8 14. Qf3 Bh3 15. Rd1 Re8 16. Na3 Re5 17. Rd4 Qe6 18. Rdd1 c6 19. Nc2 Bg4 20. Nd4 Bxf3 21. Nxe6+ fxe6 22. Re1 Rxe1+ 23. Rxe1 Ke7 24. Re5 Kf6 25. Re1 g5 26. a3 c5 27. h3 h5 28. Kh2 b6 29. Kg1 e5 30. Rc1 c4 31. Rc2 e4 32. Rd2 Ke5 33. Rd4 g4 34. Kh2 e3 35. fxe3 Nxe3 36. Kg1 gxh3 37. Kh2 Bg4 38. Rd8 Nf1+ 39. Kh1 Nxg3+ 40. Kg1 h4 41. Rb8 Kf4 42. Rxb6 Kf3 43. Rxb5 Nf1 44. Rb8 h2+ 45. Kh1 Kg3 46. Rg8 Kh3 47. Rxg4 Ng3+ 48. Rxg3+ hxg3 0-1

[Event "Kouty nad Desnou op-A"]
[Site "Kouty nad Desnou"]
[Date "2014.03.14"]
[Round "8"]
[White "Novak, Jiri"]
[Black "Bartos, Vaclav"]
[Result "1-0"]
[WhiteElo "1869"]
[BlackElo "1746"]
[PlyCount "61"]
[EventDate "2014.03.08"]
[EventType "swiss"]
[EventRounds "9"]
[EventCountry "CZE"]
[SourceTitle "EXT 2015"]
[Source "ChessBase"]
[SourceDate "2014.11.20"]
[SourceVersion "1"]
[SourceVersionDate "2014.11.20"]
[SourceQuality "1"]

1. e4 d6 2. d4 Nf6 3. Nc3 g6 4. Be3 a6 5. f3 b5 6. a3 Bg7 7. Qd2 0-0 8. g4 Bb7 9. h4 h5 10. gxh5 Nxh5 11. Nge2 Nd7 12. 0-0-0 c5 13. dxc5 Nxc5 14. Bd4 Rc8 15. Bh3 Rc7 16. Bxg7 Kxg7 17. Bg4 Nf6 18. Rdg1 a5 19. h5 Nxg4 20. Rxg4 Rh8 21. Rgg1 b4 22. hxg6 fxg6 23. Qg5 Qe8 24. Rxh8 Qxh8 25. Qxg6+ Kf8 26. Rg5 Nd7 27. Nf4 Nc5 28. Nfd5 Bxd5 29. Rf5+ Qf6 30. Rxf6+ exf6 31. Nxd5 1-0

[Event "Kouty nad Desnou op-A"]
[Site "Kouty nad Desnou"]
[Date "2014.03.10"]
[Round "3"]
[White "Bartos, Vaclav"]
[Black "Peterson, Eric"]
[Result "0-1"]
[WhiteElo "1746"]
[BlackElo "2237"]
[PlyCount "50"]
[EventDate "2014.03.08"]
[EventType "swiss"]
[EventRounds "9"]
[EventCountry "CZE"]
[SourceTitle "EXT 2015"]
[Source "ChessBase"]
[SourceDate "2014.11.20"]
[SourceVersion "1"]
[SourceVersionDate "2014.11.20"]
[SourceQuality "1"]

1. d4 e6 2. c4 d5 3. Nf3 Nf6 4. Bg5 c5 5. Nc3 cxd4 6. Nxd4 e5 7. Nf3 d4 8. Nd5 Nc6 9. e4 Be7 10. Bxf6 Bxf6 11. h3 Be6 12. Be2 0-0 13. 0-0 Rc8 14. Ne1 Bg5 15. Nd3 b6 16. a4 Qd6 17. Rb1 f5 18. f3 Na5 19. b3 Bxd5 20. cxd5 Be3+ 21. Kh2 Rc3 22. Rb2 Qg6 23. Nc1 Bf4+ 24. Kg1 Qg3 25. Nd3 Rc1 0-1

[Event "Kouty nad Desnou op-A"]
[Site "Kouty nad Desnou"]
[Date "2014.03.08"]
[Round "1"]
[White "Bartos, Vaclav"]
[Black "Havlik, Jindrich"]
[Result "0-1"]
[WhiteElo "1746"]
[BlackElo "2117"]
[PlyCount "88"]
[EventDate "2014.03.08"]
[EventType "swiss"]
[EventRounds "9"]
[EventCountry "CZE"]
[SourceTitle "EXT 2015"]
[Source "ChessBase"]
[SourceDate "2014.11.20"]
[SourceVersion "1"]
[SourceVersionDate "2014.11.20"]
[SourceQuality "1"]

1. d4 e6 2. c4 c5 3. d5 exd5 4. cxd5 d6 5. e4 Ne7 6. Nc3 Ng6 7. Be3 Be7 8. f3 0-0 9. Qd2 a6 10. g3 b5 11. h4 b4 12. Nd1 f5 13. exf5 Bxf5 14. h5 Ne5 15. Nf2 Bd7 16. f4 Ng4 17. Nxg4 Bxg4 18. Be2 Bxe2 19. Qxe2 Nd7 20. Nf3 Nb6 21. Rd1 Qd7 22. Nh4 Bxh4 23. Rxh4 Rae8 24. Kf2 Qe7 25. Rhh1 Rf5 26. Qf3 Qf7 27. Rhe1 Rxh5 28. Kg2 Rxd5 29. b3 Rxd1 30. Rxd1 Qe6 31. Kf2 Nd7 32. Rd3 Nf6 33. Kg2 Ng4 34. Bf2 Nxf2 35. Qxf2 Qe4+ 36. Qf3 Qe2+ 37. Qxe2 Rxe2+ 38. Kf3 Rxa2 39. Ke4 Ra3 40. Kd5 a5 41. Kxd6 c4 42. Rd4 cxb3 43. Ke6 h5 44. g4 b2 0-1

[Event "Czech Fed-ch opA"]
[Site "Hrdonov"]
[Date "2013.10.29"]
[Round "5"]
[White "Hlavac, Rudolf"]
[Black "Bartos, Vaclav"]
[Result "1/2-1/2"]
[WhiteElo "2003"]
[BlackElo "1740"]
[PlyCount "54"]
[EventDate "2013.10.26"]
[EventType "swiss"]
[EventRounds "9"]
[EventCountry "CZE"]
[SourceTitle "EXT 2016"]
[Source "ChessBase"]
[SourceDate "2015.10.08"]
[SourceVersion "1"]
[SourceVersionDate "2015.10.08"]
[SourceQuality "1"]

1. e4 d6 2. d4 Nf6 3. Nc3 g6 4. Nf3 Bg7 5. Be2 0-0 6. 0-0 Nbd7 7. e5 Ne8 8. Bg5 c6 9. Re1 dxe5 10. dxe5 Nc7 11. Qd2 Ne6 12. Rad1 Nxg5 13. Qxg5 h6 14. Qg3 Qe8 15. Ne4 Nb6 16. Nd4 Nd5 17. Bc4 Be6 18. Nc5 Ne3 19. Bxe6 Nxd1 20. Bd7 Qb8 21. Rxd1 Bxe5 22. Qh4 Qd6 23. b4 b6 24. Bxc6 bxc5 25. Bxa8 Rxa8 26. bxc5 Qxc5 27. Nf3 Qxc2 1/2-1/2

[Event "Czech Fed-ch opA"]
[Site "Hrdonov"]
[Date "2013.10.26"]
[Round "1"]
[White "Bartos, Vaclav"]
[Black "Miesbauer, Jan"]
[Result "0-1"]
[WhiteElo "1740"]
[BlackElo "1983"]
[PlyCount "60"]
[EventDate "2013.10.26"]
[EventType "swiss"]
[EventRounds "9"]
[EventCountry "CZE"]
[SourceTitle "EXT 2016"]
[Source "ChessBase"]
[SourceDate "2015.10.08"]
[SourceVersion "1"]
[SourceVersionDate "2015.10.08"]
[SourceQuality "1"]

1. d4 Nf6 2. c4 g6 3. Nc3 Bg7 4. e4 d6 5. f3 0-0 6. Be3 e5 7. d5 Nh5 8. g4 Nf4 9. Qd2 f5 10. gxf5 gxf5 11. 0-0-0 fxe4 12. fxe4 Nd7 13. Nf3 Nf6 14. h3 Bd7 15. Rg1 Kh8 16. Qh2 Bh6 17. Rd2 Qe7 18. Ne1 a6 19. Nd3 N6h5 20. Ne2 Qh4 21. Nexf4 Nxf4 22. Kc2 Nxd3 23. Kxd3 Rf3 24. Re2 b5 25. c5 Bf5 26. exf5 Qc4+ 27. Kd2 Bxe3+ 28. Rxe3 Qd4+ 29. Kc2 Qxe3 30. Be2 Rf2 0-1

[Event "Teplice op 7th"]
[Site "Teplice"]
[Date "2012.06.21"]
[Round "6"]
[White "Bartos, Vaclav"]
[Black "Cenek, Miroslav"]
[Result "0-1"]
[WhiteElo "1664"]
[BlackElo "1895"]
[PlyCount "50"]
[EventDate "2012.06.16"]
[EventType "swiss"]
[EventRounds "9"]
[EventCountry "CZE"]
[SourceTitle "CBM 149 Extra"]
[Source "ChessBase"]
[SourceDate "2012.08.24"]
[SourceVersion "1"]
[SourceVersionDate "2012.08.24"]
[SourceQuality "1"]

1. Nf3 d5 2. d4 e6 3. e3 Nf6 4. c4 Nbd7 5. Nc3 Be7 6. Bd3 0-0 7. 0-0 c6 8. Bd2 dxc4 9. Bxc4 b5 10. Bd3 Bb7 11. Rc1 Rc8 12. Ne4 a6 13. Nxf6+ Bxf6 14. Bb4 Be7 15. Qd2 c5 16. dxc5 Bxf3 17. gxf3 Bxc5 18. Bc3 Qe7 19. Kh1 b4 20. Bd4 Bxd4 21. exd4 a5 22. Rg1 Qf6 23. Be4 Nb6 24. Rxg7+ Kxg7 25. Rg1+ Kh8 0-1